Nations to go Unbeaten at the World Cup - Statistics

General Stats
  • This quiz has been taken 16 times
  • The average score is 35 of 38
Answer Stats
Tournament Modern Confederation Record Nation % Correct
1986 CONMEBOL W6 D1 L0 Argentina
100%
2006 CONMEBOL W3 D2 L0 Argentina
100%
1958 CONMEBOL W5 D1 L0 Brazil
100%
1962 CONMEBOL W5 D1 L0 Brazil
100%
1970 CONMEBOL W6 D0 L0 Brazil
100%
1978 CONMEBOL W4 D3 L0 Brazil
100%
1986 CONMEBOL W4 D1 L0 Brazil
100%
1994 CONMEBOL W5 D2 L0 Brazil
100%
2002 CONMEBOL W7 D0 L0 Brazil
100%
1966 UEFA W5 D1 L0 England
100%
1982 UEFA W3 D2 L0 England
100%
2006 UEFA W3 D2 L0 England
100%
1998 UEFA W6 D1 L0 France
100%
2006 UEFA W4 D3 L0 France
100%
2018 UEFA W6 D1 L0 France
100%
2014 UEFA W6 D1 L0 Germany
100%
1934 UEFA W3 D1 L0 Italy
100%
1938 UEFA W4 D0 L0 Italy
100%
1982 UEFA W4 D3 L0 Italy
100%
1990 UEFA W6 D1 L0 Italy
100%
1998 UEFA W3 D2 L0 Italy
100%
2006 UEFA W5 D2 L0 Italy
100%
2002 UEFA W3 D2 L0 Spain
100%
2018 UEFA W1 D3 L0 Spain
100%
1930 CONMEBOL W4 D0 L0 Uruguay
100%
1950 CONMEBOL W3 D1 L0 Uruguay
100%
1986 CONCACAF W3 D2 L0 Mexico
91%
1998 UEFA W0 D3 L0 Belgium
82%
2018 UEFA W1 D3 L0 Denmark
82%
2014 UEFA W5 D2 L0 Netherlands
82%
2022 UEFA W3 D2 L0 Netherlands
82%
2006 UEFA W2 D0 L0 Switzerland
82%
2014 CONCACAF W2 D3 L0 Costa Rica
73%
2010 OFC W0 D3 L0 New Zealand
73%
1990 UEFA W5 D2 L0 West Germany
73%
1982 CAF W0 D3 L0 Cameroon
55%
1974 UEFA W1 D2 L0 Scotland
55%
2002 UEFA W1 D3 L0 Ireland
27%
No matching quizzes found
Score Distribution
Percent of People with Each Score
Percentile by Number Answered
Your Score History
You have not taken this quiz